000 00778nam a22002297a 4500
003 OSt
005 20260530113920.0
008 260520b |||||||| |||| 00| 0 eng d
040 _aICI
_bspa
_cICI
041 _aita
050 _aNK2110
_b.I58
245 _aINTERNI
_bEspecial México
_cUNITED MEXICAN DESIGN
_n3RA EDICIÓN
260 _aGruppo Mondadori
_bthe magazine of interiors and contemporany design
_c2018
300 _a127 páginas :
650 _aInterior decoration
_zMéxico.
_934513
650 _aInterior architecture
_zMéxico.
_934514
650 _aArchitecture, Modern
_zMéxico.
_934515
650 _aDesigners
_zMéxico.
_934516
650 _aFurniture design
_zMéxico.
_934517
650 _aDecorative arts, Modern
_zMéxico.
_934518
942 _2lcc
_cBK
_n1
999 _c12413
_d12413